Bug-Poison type Pokémon - Statistics

General Stats
  • This quiz has been taken 8 times
  • The average score is 11 of 12
Answer Stats
Hint Answer % Correct
Kanto Beedrill
100%
Kanto Kakuna
100%
Unova Venipede
100%
Kanto Venomoth
100%
Kanto Venonat
100%
Kanto Weedle
100%
Johto Ariados
86%
Unova Scolipede
86%
Johto Spinarak
86%
Hoenn Dustox
71%
Sinnoh Skorupi
71%
Unova Whirlipede
71%
No matching quizzes found
Score Distribution
Percent of People with Each Score
Percentile by Number Answered
Your Score History
You have not taken this quiz